00813nam a2200229Ii 450000100060000000300090000600800410001502000150005604000330007104100080010408200180011210000240013024500570015426400630021130000120027433600260028633700280031233800270034094000520036799900170041995201470043611659CO-ViMGA241108s9999||||xx |||||||||||||| ||und|| a8428323887 aCO-ViMGAbspaerdacCO-ViMGA0 aunk04a004.603-H474d1 aGilbert Held95476510aDiccionario de la Tecnología de las Comunicaciones 1a[Lugar de publicación no identificado] : Paraninfo, 1997 avolumen atextbtxt2rdacontent aunmediatedbn2rdamedia avolumebnc2rdacarrier aidficha_siabuc: 11383. -- ficha_no_siabuc:11659 c51985d51985 001040708001aMEVIGERRbMEVIGERRcGENd2006-11-27hVol.1o004.603-H474dpECA12871r2024-11-26 10:08:47tEj.1w2024-11-26yBKz11383 | 15317